Hornets Player to Nickname - Statistics

General Stats
  • This quiz has been taken 31 times
  • The average score is 3 of 12
Answer Stats
Hint Answer % Correct
Brandon Miller B-Mill
71%
Jusuf Nurkic The Bosnian Beast
41%
LaMelo Ball The Entertainer
41%
Grant Williams Batman
29%
Nick Smith Jr. NSJ
29%
Josh Green Mr. Electricity
18%
Tre Mann Baby Curry
12%
Taj Gibson Hard Hat
12%
Josh Okogie Non-Stop
12%
Miles Bridges Sky _____
12%
Seth Curry Swaggy Swag
6%
Mark Williams DTP
0%
No matching quizzes found
Score Distribution
Percent of People with Each Score
Percentile by Number Answered
Your Score History
You have not taken this quiz